Americký model upisovania akcií

Postupy upisovania akcií na kapitálovom trhu USA. Vznik akciovej spoločnosti a získanie kapitálu na jej činnosť. Vylúčenie úveru, orientácia na investičné banky majúce kontakty s potenciálnymi investormi. Formy upisovania akcií dohodou medzi emitentom a upisovateľom. Zákon o cenných papieroch, dozor...

Descrizione completa

Salvato in:
Dettagli Bibliografici
Natura: Capitolo di libro
Lingua:slovacco
Soggetti:
Tags: Aggiungi Tag
Nessun Tag, puoi essere il primo ad aggiungerne!!

MARC

LEADER 00000naa a2200000 4500
001 r013852
005 20221205080532.7
041 0 |a slo 
044 |a SK 
245 1 0 |a Americký model upisovania akcií 
520 |a Postupy upisovania akcií na kapitálovom trhu USA. Vznik akciovej spoločnosti a získanie kapitálu na jej činnosť. Vylúčenie úveru, orientácia na investičné banky majúce kontakty s potenciálnymi investormi. Formy upisovania akcií dohodou medzi emitentom a upisovateľom. Zákon o cenných papieroch, dozor nad jeho dodržiavaním. Čas zmrazenia. Syndikát. Schválenie a predaj akcií. Brokerské firmy a reklama. 
610 2 0 |a akcie 
610 2 0 |a trh kapitálový 
610 2 0 |a USA 
610 2 0 |a spoločnosti akciové 
610 2 0 |a papiere cenné 
610 2 0 |a zákony